| 000 | 00715nam a2200229Ia 4500 | ||
|---|---|---|---|
| 003 | GCL | ||
| 008 | 140319s9999 xx 000 0 ara d | ||
| 040 |
_aGCL / _cGCL |
||
| 082 | 0 | 4 |
_aق _b962 _bح ق |
| 100 | 1 | _aحلمى نجم | |
| 245 | 1 | 0 |
_aقرن و مقارنة / _cحلمى نجم |
| 250 | _aالاولى | ||
| 260 |
_aالقاهرة : _bدار ايما للنشر ، _c2003 |
||
| 300 |
_a233 ص ؛ _c24 سم |
||
| 650 | 0 | 4 | _aالعلوم العسكرية |
| 650 | 0 | 4 | _aالدستور |
| 650 | 0 | 4 | _aالقوانين والتشريعات |
| 650 | 0 | 4 | _aجمال عبدالناصر |
| 650 | 0 | 4 | _aمحمد حسنى مبارك |
| 650 | 0 | 4 | _aمصر - تاريخ - العصر الحديث |
| 942 |
_2ddc _cBK |
||
| 999 |
_c6873 _d6873 |
||